Children's picture atlas. (Record no. 105778)
[ view plain ]
| 000 -LEADER | |
|---|---|
| fixed length control field | 00421nam a2200169 a 4500 |
| 005 - DATE AND TIME OF LATEST TRANSACTION | |
| control field | 20140412111414.0 |
| 008 - FIXED-LENGTH DATA ELEMENTS--GENERAL INFORMATION | |
| fixed length control field | 070702s19uu xx 00 eng d |
| 020 ## - INTERNATIONAL STANDARD BOOK NUMBER | |
| International Standard Book Number | 1-85152-465-7 |
| 050 ## - LIBRARY OF CONGRESS CALL NUMBER | |
| Classification number | REF 912.3 |
| Item number | Y72 1993 |
| 245 ## - TITLE STATEMENT | |
| Title | Children's picture atlas. |
| 260 ## - PUBLICATION, DISTRIBUTION, ETC. (IMPRINT) | |
| Name of publisher, distributor, etc | Chancellor Press, |
| Date of publication, distribution, etc | 1993. |
| 300 ## - PHYSICAL DESCRIPTION | |
| Extent | 64 |
| 440 ## - SERIES STATEMENT/ADDED ENTRY--TITLE | |
| Title | Philip's |
| 500 ## - GENERAL NOTE | |
| General note | An atlas for 6-11 year olds |
| 650 ## - SUBJECT ADDED ENTRY--TOPICAL TERM | |
| Topical term or geographic name as entry element | Atlas |
| Withdrawn status | Lost status | Damaged status | Home library | Current library | Shelving location | Date acquired | Source of acquisition | Cost, normal purchase price | Total Checkouts | Full call number | Barcode | Date last seen | Price effective from | Koha item type |
|---|---|---|---|---|---|---|---|---|---|---|---|---|---|---|
| Elizalde Library | Elizalde Library | Reference Section | 07/02/2007 | 175.00 | REF 912.3 Y72 1993 | E10655 | 04/12/2014 | 04/12/2014 | Books |